| 000 | 00888nam a22002297a 4500 | ||
|---|---|---|---|
| 999 |
_c15837 _d15837 |
||
| 003 | MIRAKIL | ||
| 005 | 20240328125948.0 | ||
| 008 | 240328b tu ||||| |||| 00| 0 tur d | ||
| 020 | _a9789751619815 | ||
| 040 |
_aTR-AnCHP _cTR-AnCHP |
||
| 041 | _atur | ||
| 082 |
_a398.5 _bÇ82ş 2007 |
||
| 100 | _aÇudoyakov, A.İ | ||
| 245 | 1 | 0 |
_aŞor Destanı incelemeleri / _cA.İ. Çudoyakov ; çeviren : Caşteğin Turgunbayer. |
| 260 |
_aAnkara: _bTürk Dil Kurumu Yayınları, _c2007. |
||
| 300 |
_a205 s. : _c25 cm. |
||
| 490 | 0 |
_aAtatürk Kültür, Dil ve Tarih Yüksek Kurumu Türk Dil Kurumu Yayınları _v912. |
|
| 490 | 0 |
_aTürk Dünyası Destanlarının Tespiti, Türkiye Türkçesine Aktarılması ve Yayımlanması Projesi _v25. |
|
| 650 | 0 |
_97722 _aDestanlar _xŞor |
|
| 856 | _zDijital Nüshası için Partimizin Kütüphane Sorumlusu ile iletişime geçiniz. | ||
| 942 |
_2ddc _cBKS |
||